000 00645nam a22002057a 4500
003 0
005 20240318132811.0
008 230918b xxu||||| |||| 00| 0 eng d
020 _a978-1-98467-972-7
050 _aQA 76.64
_b.T57 2023
110 _a3G E-learning
245 _aObject oriented programming
_c3G E-learning
250 _a3rd edition
260 _aNew York
_b3G E-learning LLC
_cc2023.
300 _axii, 333 pages :
_bcol. ill. ;
_c26cm.
500 _aObject oriented programming languages
504 _aIncludes bibliographical references and index.
650 _aObject oriented programming languages.
942 _2lcc
_cBK
999 _c365313
_d365313